000 00365nam a2200133Ia 4500
008 211109s9999||||xx |||||||||||||| ||und||
082 _a894.8121
_bSAK-C
100 _aSakrakurup, G
245 0 _aChenkathirukal
260 _bP C B
_aCalicut
_c1945
630 _xGeneral Stack
650 _aMalayalam Literature
_vMalayalam PoetryLiterature
_xGeneralia
942 _cBOOK
999 _c11313
_d11313